[Event "Kiev Spring op"]
[Site "Kiev"]
[Date "2023.03.31"]
[Round "9"]
[White "Andriienko, Artom"]
[Black "Tytianiuk, Artem"]
[Result "0-1"]
[WhiteElo "1783"]
[BlackElo "1447"]
[PlyCount "122"]
[EventDate "2023.03.25"]
[EventType "swiss"]
[EventRounds "9"]
[EventCountry "UKR"]
[SourceTitle "EXT 2024"]
[Source "ChessBase"]
[SourceDate "2023.10.10"]
[SourceVersion "1"]
[SourceVersionDate "2023.10.10"]
[SourceQuality "1"]

1. Nf3 Nf6 2. g3 d5 3. c4 e6 4. Bg2 c5 5. cxd5 Nxd5 6. 0-0 Nd7 7. Nc3 N7f6 8. e4 Nxc3 9. bxc3 Bd7 10. Re1 c4 11. e5 Nd5 12. Nd4 Qa5 13. h4 Bc5 14. Qg4 g6 15. a4 h5 16. Qe4 b5 17. Nc2 Qb6 18. Qe2 Rd8 19. Bxd5 exd5 20. Ba3 Bxa3 21. Rxa3 bxa4 22. Nd4 0-0 23. f4 Bg4 24. Qg2 Qc5 25. Rxa4 a5 26. Rea1 Ra8 27. Qf2 Bd7 28. R4a3 Rfb8 29. Nc2 Qc7 30. Qd4 Rb5 31. Ne3 Qb7 32. R1a2 Ra6 33. Kf2 Be6 34. Ra1 Qc6 35. Nc2 Qb7 36. Qe3 Rb1 37. R1a2 Bh3 38. Ne1 Qb5 39. Ng2 a4 40. Ne1 Ra5 41. d4 Rb2+ 42. Kg1 Rxa2 43. Rxa2 Qb3 44. Qd2 a3 45. Nf3 Bf5 46. Kf2 Bb1 47. Ra1 a2 48. e6 fxe6 49. g4 hxg4 50. Qe2 Qc2 51. Nd2 Kf7 52. Kg1 Rb5 53. Qe5 Rb7 54. Qh8 Re7 55. Qh7+ Ke8 56. Qg8+ Kd7 57. Nf1 Qxc3 58. Qa8 Qxd4+ 59. Ne3 Qxe3+ 60. Kg2 Qf3+ 61. Kh2 g3+ 0-1

[Event "Kiev Spring op"]
[Site "Kiev"]
[Date "2023.03.25"]
[Round "1"]
[White "Berin, Artem"]
[Black "Tytianiuk, Artem"]
[Result "1-0"]
[WhiteElo "2140"]
[BlackElo "1447"]
[PlyCount "95"]
[EventDate "2023.03.25"]
[EventType "swiss"]
[EventRounds "9"]
[EventCountry "UKR"]
[SourceTitle "EXT 2024"]
[Source "ChessBase"]
[SourceDate "2023.10.10"]
[SourceVersion "1"]
[SourceVersionDate "2023.10.10"]
[SourceQuality "1"]

1. d4 d5 2. c4 e6 3. Nc3 Nf6 4. cxd5 exd5 5. Bg5 c6 6. e3 Be7 7. Bd3 Nbd7 8. Nge2 Nh5 9. Bxe7 Qxe7 10. 0-0 0-0 11. Qd2 f5 12. Rab1 a5 13. Qc2 g6 14. g3 Nhf6 15. Nf4 Ne4 16. Be2 Ndf6 17. Nd3 Nxc3 18. bxc3 g5 19. Rfe1 a4 20. Ne5 Ng4 21. Nxg4 fxg4 22. Bd3 Qf7 23. e4 dxe4 24. Bxe4 Be6 25. Bxh7+ Kg7 26. Re5 Bxa2 27. Rbe1 Bb3 28. Qd2 Rae8 29. Qxg5+ Kh8 30. Bf5 Qxf5 31. Qxf5 Rxf5 32. Rxe8+ Kg7 33. R1e7+ Rf7 34. Rxf7+ Kxf7 35. Ra8 Ke6 36. Kf1 Kd5 37. Ke2 Kc4 38. Kd2 b5 39. Ra6 Kd5 40. Kd3 Bc4+ 41. Kc2 a3 42. Rxa3 Ke4 43. Ra8 Kf3 44. Rf8+ Kg2 45. Rf4 Be2 46. Kd2 Bf3 47. Ke3 Bd1 48. Rf6 1-0